[Event "Copenhagen Obro op"]
[Site "Copenhagen"]
[Date "2022.08.25"]
[Round "6"]
[White "Brynell, Stellan"]
[Black "Thuesen, Mogens Henrik"]
[Result "1-0"]
[WhiteElo "2387"]
[BlackElo "2230"]
[PlyCount "71"]
[EventDate "2022.08.22"]
[EventType "swiss"]
[EventRounds "9"]
[EventCountry "DEN"]
[SourceTitle "CBM 209 Extra"]
[Source "ChessBase"]
[SourceDate "2022.09.30"]
[SourceVersion "1"]
[SourceVersionDate "2022.09.30"]
[SourceQuality "1"]

1. d4 d5 2. Nf3 c6 3. c4 e6 4. g3 dxc4 5. Bg2 b5 6. 0-0 a5 7. Ne5 Ra7 8. Bxc6+ Nxc6 9. Nxc6 Qb6 10. Nxa7 Qxa7 11. b3 cxb3 12. axb3 Nf6 13. Qd3 Bd7 14. e4 h5 15. Bd2 b4 16. Bg5 Qb7 17. Re1 Bb5 18. Qc2 Be7 19. Nd2 0-0 20. Rxa5 Bd8 21. Raa1 Bb6 22. Bxf6 gxf6 23. Nf3 Rc8 24. Qd2 Rc3 25. Re3 e5 26. Rd1 Qc8 27. Rxc3 bxc3 28. Qc2 Qg4 29. Kg2 Bd7 30. dxe5 Qh3+ 31. Kg1 Bg4 32. Rd3 fxe5 33. Ng5 Bd1 34. Qxd1 Bxf2+ 35. Kh1 Qg4 36. Qxg4 1-0

[Event "Copenhagen Obro op"]
[Site "Copenhagen"]
[Date "2022.08.25"]
[Round "5"]
[White "Rakshitta, Ravi"]
[Black "Brynell, Stellan"]
[Result "1/2-1/2"]
[WhiteElo "2111"]
[BlackElo "2387"]
[PlyCount "61"]
[EventDate "2022.08.22"]
[EventType "swiss"]
[EventRounds "9"]
[EventCountry "DEN"]
[SourceTitle "CBM 209 Extra"]
[Source "ChessBase"]
[SourceDate "2022.09.30"]
[SourceVersion "1"]
[SourceVersionDate "2022.09.30"]
[SourceQuality "1"]

1. e4 e6 2. d4 d5 3. Nc3 Bb4 4. exd5 exd5 5. Bd3 Nf6 6. Nge2 0-0 7. 0-0 Re8 8. Ng3 c6 9. Nh5 g6 10. Ng3 Bf8 11. Bg5 Bg7 12. Qd2 Nbd7 13. Nce2 Nf8 14. f4 h6 15. Bxf6 Bxf6 16. f5 Bg5 17. Nf4 Qd6 18. Qf2 Bd7 19. Kh1 Bxf4 20. Qxf4 Qxf4 21. Rxf4 Re7 22. fxg6 fxg6 23. Raf1 Be6 24. h4 h5 25. Ne2 Bg4 26. R4f2 Bxe2 27. Rxe2 Rxe2 28. Bxe2 Re8 29. Bd3 Kg7 30. g3 Nd7 31. Rf2 1/2-1/2